La emigración española a Bélgica en los últimos años / (Record no. 69937)

MARC details
000 -LEADER
campo de control de longitud fija 00765nam a2200193 i 4500
001 - NÚMERO DE CONTROL
campo de control 69937
003 - IDENTIFICADOR DE NÚMERO DE CONTROL
campo de control ES-MaACL
005 - FECHA Y HORA DE LA ÚLTIMA TRANSACCIÓN
campo de control 20230906170652.0
007 - CAMPO FIJO DE DESCRIPCIÓN FÍSICA--INFORMACIÓN GENERAL
campo de control de longitud fija t|
008 - DATOS DE LONGITUD FIJA--INFORMACIÓN GENERAL
campo de control de longitud fija 040713s1964 sp df |||| | spa d
100 1# - ENTRADA PRINCIPAL--NOMBRE DE PERSONA
Nombre de persona García Manrique, Eusebio.
9 (RLIN) 54881
245 13 - MENCIÓN DEL TÍTULO
Título La emigración española a Bélgica en los últimos años /
Mención de responsabilidad, etc. E. García Manrique.
260 ## - PUBLICACIÓN, DISTRIBUCIÓN, ETC.
Lugar de publicación, distribución, etc. Zaragoza :
Nombre del editor, distribuidor, etc. Departamento de Geografía Aplicada del Instituto Juan Sebastián Elcano,
Fecha de publicación, distribución, etc. 1964.
300 ## - DESCRIPCIÓN FÍSICA
Extensión 192 p., 1 lám. :
Otras características físicas gráf. ;
Dimensiones 17 cm.
500 ## - NOTA GENERAL
Nota general Precede al tít.: Consejo Superior de Investigaciones Científicas.
650 #4 - PUNTO DE ACCESO ADICIONAL DE MATERIA--TÉRMINO DE MATERIA
Término de materia o nombre geográfico como elemento de entrada Españoles-
Subdivisión geográfica Bélgica.
9 (RLIN) 169500
710 2# - ENTRADA AGREGADA--NOMBRE DE ENTIDAD CORPORATIVA
Nombre de entidad corporativa o nombre de jurisdicción como elemento de entrada Instituto Juan Sebastián Elcano.
Unidad subordinada Departamento de Geografía Aplicada.
9 (RLIN) 5114
852 ## - LOCALIZACIÓN
Ubicación ES-MaACL
Número de control de estantería C-25753
Holdings
Estatus retirado Estado de pérdida Estado de daño No para préstamo Biblioteca de origen Biblioteca actual Ubicación en estantería Fecha de adquisición Fuente de adquisición Total de préstamos Signatura topográfica completa Código de barras Visto por última vez Precio de reemplazo Tipo de ítem Koha
        Biblioteca del Ateneo de Madrid Biblioteca del Ateneo de Madrid Depósito 2 17/01/2008     C-25753 1073237 23/02/2023 23/02/2023 Libro impreso